Welcome to CU Library Online Public Access Catalogue (OPAC)

Sex, politics, and society : (Record no. 3030)

MARC details
000 -LEADER
fixed length control field 00757pam a2200229 a 4500
001 - CONTROL NUMBER
control field 2909937
005 - DATE AND TIME OF LATEST TRANSACTION
control field 20250124133636.0
008 - FIXED-LENGTH DATA ELEMENTS--GENERAL INFORMATION
fixed length control field 880606s1989 enk b 001 0 eng
020 ## - INTERNATIONAL STANDARD BOOK NUMBER
International Standard Book Number 0582023831 (U.S.)
050 00 - LIBRARY OF CONGRESS CALL NUMBER
Classification number HQ18.G7
Item number W43 1989
082 00 - DEWEY DECIMAL CLASSIFICATION NUMBER
Classification number 306.7/0941
Edition information 19
100 1# - MAIN ENTRY--PERSONAL NAME
Personal name Weeks, Jeffrey,
Dates associated with a name 1945-
245 10 - TITLE STATEMENT
Title Sex, politics, and society :
Remainder of title the regulation of sexuality since 1800 /
Statement of responsibility, etc. Jeffrey Weeks.
250 ## - EDITION STATEMENT
Edition statement 2nd ed.
260 ## - PUBLICATION, DISTRIBUTION, ETC.
Place of publication, distribution, etc. London ;
-- New York :
Name of publisher, distributor, etc. Longman,
Date of publication, distribution, etc. 1989.
300 ## - PHYSICAL DESCRIPTION
Extent x, 326 p. ;
Dimensions 22 cm.
440 #0 - SERIES STATEMENT/ADDED ENTRY--TITLE
Title Themes in British social history
500 ## - GENERAL NOTE
General note Errata slip insered.
650 #0 - SUBJECT ADDED ENTRY--TOPICAL TERM
Topical term or geographic name entry element Sex customs
Geographic subdivision Great Britain
General subdivision History
Chronological subdivision 19th century.
650 #0 - SUBJECT ADDED ENTRY--TOPICAL TERM
Topical term or geographic name entry element Sex customs
Geographic subdivision Great Britain
General subdivision History
Chronological subdivision 20th century.
942 ## - ADDED ENTRY ELEMENTS (KOHA)
Source of classification or shelving scheme Library of Congress Classification
Koha item type Books
Suppress in OPAC No
999 ## -
-- 3030
-- 3030
Holdings
Withdrawn status Lost status Source of classification or shelving scheme Damaged status Not for loan Collection Home library Current library Shelving location Date acquired Total checkouts Full call number Barcode Date last seen Copy number Price effective from Koha item type
    Library of Congress Classification     Non-fiction Undergraduate Library (Christ Temple) Undergraduate Library (Christ Temple) General stacks 01/24/2025   HQ18G7 WEE ulct00000924 01/24/2025 1 01/24/2025 Books
© 2023-2024 Copyright: Central University Libraries. All Rights Reserved | Created by: Mahone Tech Office